| 000 | 00658nam a2200265Ia 4500 | ||
|---|---|---|---|
| 008 | 190123s9999 xx 000 0 und d | ||
| 020 | _a9780516262444 | ||
| 050 | _bV458 1997 | ||
| 100 | _aVenezia, Mike | ||
| 245 | 0 | _aLeonard Bernstein / | |
| 245 | 0 | _cby Mike Venezia. | |
| 260 | _aNew York, New York : | ||
| 260 | _bScholastic, | ||
| 260 | _c1997 | ||
| 300 | _a32 pages : | ||
| 300 | _bcolored illustrations ; | ||
| 300 | _c24cm. | ||
| 440 | _aGetting to know the world's greatest composers. | ||
| 500 | _a1000L | ||
| 650 | _aComposers. | ||
| 650 | _aMusicians. | ||
| 650 | _aUnited States. | ||
| 700 | _aSeries. | ||
| 700 | _aTitle. | ||
| 999 |
_c361217 _d361217 |
||